000 00921nam a2200277 u 4500
001 000057090
005 20200120223431.0
008 130625s2007 ck a gr 000 0 spa d
020 _a9789583022821
041 0 _a*spa
_hita
043 _as-ck---
082 0 4 _a582.13
_bL65f
_221
100 1 _aLomazzi, Giuliana
245 1 4 _aLas flores de Bach /
_cGiuliana Lomazzi ; traducción Lino Forte.
250 _a1a. ed.
260 _aBogotá :
_bPanamericana,
_c2007.
300 _a95 p. :
_bil., col.
490 0 _aBienestar
500 _aEn la carátula Las flores de Bach, Curar las causas de las enfermedades para encontrar un perfecto equilibrio físico y mental por medio de las esencias florales
500 _aTítulo original : Fiori di Bach
504 _aIncluye bibliografía
650 1 7 _aFloroterapia
_2LEMB
650 2 7 _aBotánica médica
_2LEMB
650 2 7 _aFlores
_2LEMB
700 1 _aForte, Lino
_etr.
999 _c6386
_d6386